Detalles MARC
| 000 -CABECERA |
| Longitud fija campo de control |
01907nam a2200433 c 4500 |
| 001 - NÚMERO DE CONTROL |
| Número de control |
21478 |
| 003 - IDENTIFICADOR DE NÚMERO DE CONTROL |
| Identificador del número de control |
ES-MaCES |
| 005 - FECHA Y HORA DE LA ÚLTIMA TRANSACCIÓN |
| Fecha y hora de la última transacción |
20141221122728.0 |
| 008 - CAMPO FIJO DE DESCRIPCIÓN FIJA--INFORMACIÓN GENERAL |
| Códigos de información de longitud fija |
080922s2008 sp d t o000 | spa d |
| 017 ## - NÚMERO DE REGISTRO DE DERECHOS DE AUTOR Y DEPÓSITO LEGAL |
| Número de copyright o de depósito legal |
M 1110-2008 |
| Agencia que asigna el número |
DL |
| 020 ## - ISBN (INTERNATIONAL STANDARD BOOK NUMBER) |
| Número Internacional Normalizado para Libros (ISBN) |
9788445130744 (erróneo) |
| 035 ## - NÚMERO DE CONTROL DEL SISTEMA |
| Número de control del sistema |
CES20080009223m |
| 040 ## - FUENTE DE CATALOGACIÓN |
| Centro catalogador de origen |
ES-MaCES |
| Lengua de catalogación |
spa |
| Centro transcriptor |
ES-MaCES |
| 245 03 - MENCIÓN DE TÍTULO |
| Título |
La situación de la seguridad y la salud en el trabajo en la Comunidad de Madrid en 2006 |
| 250 ## - MENCIÓN DE EDICIÓN |
| Mención de edición |
1ª ed |
| 260 ## - PUBLICACIÓN, DISTRIBUCIÓN, ETC (PIE DE IMPRENTA) |
| Lugar de publicación, distribución, etc. |
Madrid |
| Nombre del editor, distribuidor, etc. |
Consejo Económico y Social, Comunidad de Madrid |
| Fecha de publicación, distribución, etc. |
[2008] |
| 300 ## - DESCRIPCIÓN FÍSICA |
| Extensión |
219 p. |
| Dimensiones |
28 cm |
| Material anejo |
1 CD-ROM |
| 500 ## - NOTA GENERAL |
| Nota general |
Anexo estadístico: p. 55-219 |
| 500 ## - NOTA GENERAL |
| Nota general |
Tít. del CD-ROM: Informe sobre la situación de la seguridad y la salud en el trabajo en la Comunidad de Madrid en 2006 y estadística de accidentes de trabajo en la Comunidad de Madrid 1995-2006 |
| 541 ## - NOTA DE LA FUENTE INMEDIANTE DE ADQUISICIÓN |
| Forma de adquisición |
Gratuito |
| 650 #4 - ASIENTO SECUNDARIO DE MATERIA--TÉRMINO DE MATERIA |
| Término de materia o nombre geográfico como elemento inicial |
seguridad en el trabajo |
| 9 (RLIN) |
28348 |
| 650 #4 - ASIENTO SECUNDARIO DE MATERIA--TÉRMINO DE MATERIA |
| Término de materia o nombre geográfico como elemento inicial |
salud en el trabajo |
| 9 (RLIN) |
28347 |
| 650 #4 - ASIENTO SECUNDARIO DE MATERIA--TÉRMINO DE MATERIA |
| Término de materia o nombre geográfico como elemento inicial |
accidente de trabajo |
| 9 (RLIN) |
28345 |
| 650 #4 - ASIENTO SECUNDARIO DE MATERIA--TÉRMINO DE MATERIA |
| Término de materia o nombre geográfico como elemento inicial |
enfermedad profesional |
| 9 (RLIN) |
28346 |
| 650 #4 - ASIENTO SECUNDARIO DE MATERIA--TÉRMINO DE MATERIA |
| Término de materia o nombre geográfico como elemento inicial |
negociación colectiva |
| 9 (RLIN) |
28362 |
| 650 #4 - ASIENTO SECUNDARIO DE MATERIA--TÉRMINO DE MATERIA |
| Término de materia o nombre geográfico como elemento inicial |
Madrid (Comunidad Autónoma) |
| 9 (RLIN) |
30777 |
| 650 #4 - ASIENTO SECUNDARIO DE MATERIA--TÉRMINO DE MATERIA |
| Término de materia o nombre geográfico como elemento inicial |
2006 |
| 9 (RLIN) |
31838 |
| 650 #4 - ASIENTO SECUNDARIO DE MATERIA--TÉRMINO DE MATERIA |
| Término de materia o nombre geográfico como elemento inicial |
1995-2006 |
| 9 (RLIN) |
31869 |
| 650 #4 - ASIENTO SECUNDARIO DE MATERIA--TÉRMINO DE MATERIA |
| Término de materia o nombre geográfico como elemento inicial |
cuadros estadísticos |
| 9 (RLIN) |
28890 |
| 650 #4 - ASIENTO SECUNDARIO DE MATERIA--TÉRMINO DE MATERIA |
| Término de materia o nombre geográfico como elemento inicial |
CD ROM |
| 9 (RLIN) |
30331 |
| 653 10 - TÉRMINO DE INDEXACIÓN--NO CONTROLADO |
| Término no controlado |
Salud |
| 710 2# - ENCABEZAMIENTO SECUNDARIO--NOMBRE CORPORATIVO |
| Nombre de entidad o nombre de jurisdicción como elemento inicial |
Consejo Económico y Social (Madrid) |
| Término indicativo de función |
ed. |
| 9 (RLIN) |
2424 |
| 740 02 - ENCABEZAMIENTO SECUNDARIO--TÍTULO ANALÍTICO/RELACIONADO NO CONTROLADO |
| Título relacionado o analítico no controlado |
Informe sobre la situación de la seguridad y la salud en el trabajo en la Comunidad de Madrid en 2006 y estadística de accidentes de trabajo en la Comunidad de Madrid 1995-2006 |
| 787 0# - ENTRADA DE OTRAS ESPECIFICACIONES |
| Título |
La situación de la seguridad y la salud en el trabajo en la Comunidad de Madrid en 2007 |
| Número de control del registro relacionado |
(ES-MaCES)21905 |
| 787 0# - ENTRADA DE OTRAS ESPECIFICACIONES |
| Título |
La situación de la seguridad y la salud en el trabajo en la Comunidad de Madrid en 2005 |
| Número de control del registro relacionado |
(ES-MaCES)20132 |
| 902 ## - CES. TIPO DE DOCUMENTO |
| Tipodoc (006$c Sirtex) |
LIB Libro |
| 942 ## - ELEMENTOS KOHA |
| Fuente de clasificaión o esquema |
Clasificación propia del CES |
| Koha [por defecto] tipo de item |
Monografías |
| Parte de clasificación |
3.1. |